Tratado de Economia Politica (Record no. 164862)

MARC details
000 -LEADER
campo de control de longitud fija 00729nam a2200181 i 4500
001 - NÚMERO DE CONTROL
campo de control 164862
003 - IDENTIFICADOR DE NÚMERO DE CONTROL
campo de control ES-MaACL
005 - FECHA Y HORA DE LA ÚLTIMA TRANSACCIÓN
campo de control 20251015063146.0
008 - DATOS DE LONGITUD FIJA--INFORMACIÓN GENERAL
campo de control de longitud fija 931025s1821 sp |||| | spa d
100 1# - ENTRADA PRINCIPAL--NOMBRE DE PERSONA
Nombre de persona Say, Jean Baptiste,
Fechas asociadas al nombre 1767-1832
9 (RLIN) 132518
245 10 - MENCIÓN DEL TÍTULO
Título Tratado de Economia Politica
Resto del título : o exposición sencilla del modo con que se forman, se distribuyen y conservan las riquezas /
Mención de responsabilidad, etc. por Juan Bautista Say ; nueva traducción por D. Juan Sanchez Rivera.
250 ## - MENCION DE EDICION
Mención de edición 4ª ed. corr. y acum.
260 ## - PUBLICACIÓN, DISTRIBUCIÓN, ETC.
Lugar de publicación, distribución, etc. Madrid :
Nombre del editor, distribuidor, etc. [s.n.],
Fecha de publicación, distribución, etc. 1821 (
Fabricante Imp. de Fermin Villalpando)
300 ## - DESCRIPCIÓN FÍSICA
Extensión 2 v. ;
Dimensiones 21 cm.
700 1# - ENTRADA AGREGADA--NOMBRE PERSONAL
Nombre de persona Sanchez Rivera, Juan.
9 (RLIN) 132390
852 ## - LOCALIZACIÓN
Ubicación ES-MaACL
Número de control de estantería C-3350-51
Nota libre -- Enc. pasta
Holdings
Estatus retirado Estado de pérdida Estado de daño No para préstamo Colección Biblioteca de origen Biblioteca actual Ubicación en estantería Fecha de adquisición Total de préstamos Signatura topográfica completa Código de barras Visto por última vez Precio de reemplazo Tipo de ítem Koha
        Libros del s. XIX Biblioteca del Ateneo de Madrid Biblioteca del Ateneo de Madrid Sala Palomar 17/01/2008   C-3350-51 1172823 23/02/2023 23/02/2023 Libro impreso antiguo